000 02499nim a2200421 i 4500
001 197380
003 ES-MaACL
005 20251109144828.0
007 ss lsnjlcipnne
008 140525s1991 sp nnnn |||| 00| spa d
040 _bspa
_cES-MaACL
245 0 0 _aLa política, los políticos y el medio ambiente
_h[Grabación sonora] :
_bmesa redonda /
_cintervienen Salvador Jové, Juan Iglesias, Luis Maestre, Esperanza Aguirre, Rafael Guardo Polo y Santiago Martin Barajas; presenta Roberto Mangas
260 _aMadrid :
_bAteneo de Madrid,
_c1991
300 _a2 casetes (ca. 180 min) :
_bson. ;
_c11 cm
490 1 _3Actos culturales en el Ateneo de Madrid
511 _aIntervienen Salvador José, área económica de Izquierda Unida; Juan Iglesias, área medioambiental de Centro Democrático y Social; Luis Maestre, director gerente agencia medio ambiente del Partido Socialista Obrero Español; Esperanza Aguirre, concejala delegada área medio ambiente del ayuntamiento de Madrid del Partido Popular; Rafael Guardo Polo, de Los Verdes y Santiago Martin Barajas, representante de Asociación Ecologista de Defensa de la Naturaleza ; presenta Roberto Mangas, miembro F.M.A
518 _aGrabado el 22 de mayo de 1991 en el Salón de Actos del Ateneo de Madrid
520 _bConferencia sobre la política y el medioambiente en la que se encontraban figuras de Izquierda Unida, el Centro Democrático y Social, el PSOE, el Partido Popular, Los Verdes y asociaciones ecologistas, ofreciendo una visión plural sobre los retos y compromisos medioambientales desde distintas perspectivas ideológicas
540 _aDocumento inédito
594 _5Datos basados en la invitación
610 2 0 _aAteneo de Madrid-
_xActos culturales-
_y1991-
_vGrabaciones sonoras
_9240452
650 4 _914947
_aMedio ambiente
653 _aArchivo de la palabra
655 0 _aConferencias
_9234444
700 1 _aAguirre, Esperanza,
_d1952-
_eora
_918816
700 _9240646
_aMangas, Roberto
_epres
700 1 _9240433
_aMartín Barajas, Santiago
_eora
700 _9240645
_aGuardo Polo, Rafael
_eora
700 _9240643
_aJové, Salvador
_eora
700 _9240644
_aMaestre, Luis
_eora
710 2 _aAteneo de Madrid
_91875
_ehis
830 0 _aActos culturales en el Ateneo de Madrid
_9240237
852 _aES-MaACL
_cDEPOZ
_pCinta 1
_9205717
852 _aES-MaACL
_cDEPOZ
_pCinta 2
_9205718
942 _2udc
_n0
_cCINTASAUD
999 _c197380
_d197380